000 00797nam a2200217Ia 4500
003 IN-BaIIA
008 211028s9999 xx 000 0 eng d
020 _a0-7923-6974-2
040 _cIIA Library
080 _a52(082.2)
_bHIG-2
111 _aScientific Meeting of Spanish Astronomical Society
_n4th
_cSpain
_d2000 Sep. 11-14
_925801
245 0 _aHighlights of Spanish astrophysics II
_bproceedings of the 4th scientific meeting of Spanish Astronomical Society, Santiago de Comostela, Spain, September 11-14, 2000
_cedited by J. Zamorano
260 _aLondon
_bKluwer Academic
_c2001
300 _axxii, 409p.
650 _aAstronomy
_980
650 _aCosmology
700 _aGallego, J., ed.
_925802
700 _aGorgas, J., ed.
_925803
700 _aZamorano, J., ed.
_925804
942 _cBK
999 _c14526
_d14526